000 00669cam a22001937i 4500
005 20241008162634.0
010 _aENG-141972
020 _a9789388860147
_c260.00
035 _aEN-125504
037 _bDBAD
082 _a808.883
245 1 4 _aAnd the Roots Go Deep:
_cTranslated By Srividhya Subash
_bTamilmagan/
250 _a1
260 _aChennai
_bZero Degree Publishing
_c2019
270 _a12/7, Bay line Apartments 2nd cross street, R.K.Nagar
_bThiruvanmiyur, Chennai
_e600041
_k9840065000
_mzerodegreepublishing@gmail.com
300 _a199p.
_c22cm(pb)
700 _aSubash, Srividhya
_eTranslated
_972480
942 _2ddc
_cEN
_h808.883
_mAND
999 _c206176
_d206176